000 00472 a2200133 4500
000 nam a22 7a 4500
100 _aमीना, जयपाल
110 _aमीना, जयपाल
245 _aराजस्थान का मीना जातीय लोक साहित्य
250 _aLatest edition
260 _bबाबा पब्लिकेशन
_c2024
264 _bबाबा पब्लिकेशन
_c2024
942 _cBK
999 _c396707
_d396707